[Event "Czech Open A 2013"]
[Site "Pardubice CZE"]
[Date "2013.07.23"]
[Round "5.18"]
[White "Neverov,V"]
[Black "Plat,V"]
[Result "1-0"]
[WhiteElo "2492"]
[BlackElo "2447"]
[EventDate "2013.07.19"]

1. Nf3 Nf6 2. c4 e6 3. d4 c5 4. d5 b5 5. Bg5 bxc4 6. Nc3 Qb6 7. e4 h6 8. Bxf6
gxf6 9. Bxc4 Qxb2 10. Rc1 Ba6 11. Bxa6 Nxa6 12. O-O c4 13. Qd4 Bg7 14. dxe6 fxe6
15. Rb1 Qa3 16. Rb7 Qe7 17. Qxc4 Qc5 18. Qxa6 Qxc3 19. Rxd7 1-0

[Event "Czech Open A 2013"]
[Site "Pardubice CZE"]
[Date "2013.07.23"]
[Round "5.19"]
[White "Lalic,B"]
[Black "Semcesen,D"]
[Result "1/2-1/2"]
[WhiteElo "2489"]
[BlackElo "2447"]
[EventDate "2013.07.19"]

1. d4 d5 2. c4 dxc4 3. Nf3 a6 4. e3 b5 5. a4 Bb7 6. axb5 axb5 7. Rxa8 Bxa8 8. b3
Nf6 9. bxc4 bxc4 10. Bxc4 e6 11. O-O Nbd7 12. Qe2 c5 13. Ba3 Bxf3 1/2-1/2

[Event "Czech Open A 2013"]
[Site "Pardubice CZE"]
[Date "2013.07.23"]
[Round "5.20"]
[White "Galego,L"]
[Black "Sipila,V"]
[Result "1/2-1/2"]
[WhiteElo "2488"]
[BlackElo "2423"]
[EventDate "2013.07.19"]

1. c4 e5 2. Nc3 Nf6 3. Nf3 Nc6 4. d3 d5 5. cxd5 Nxd5 6. g3 Nb6 7. Bg2 Be7 8. O-O
O-O 9. Be3 Be6 10. a3 f6 11. Rc1 Qe8 12. Ne4 Qf7 13. Bc5 Bb3 14. Qe1 Nd7 15.
Bxe7 Qxe7 16. Qc3 Qf7 17. e3 h6 18. Ned2 Bd5 19. b4 a6 20. e4 Be6 21. d4 exd4
22. Nxd4 Nxd4 23. Qxd4 Ne5 24. Nf3 Rad8 25. Qc3 Nxf3+ 26. Bxf3 c6 27. Rcd1 Bh3
28. Rxd8 Rxd8 29. Rd1 Re8 30. Re1 Qe6 31. Bd1 Kh8 32. Bb3 Qd6 33. Rd1 Qc7 34. f3
f5 35. Bc2 f4 36. Kf2 Rf8 37. g4 Qe7 38. Qc5 Qh4+ 39. Kg1 Rd8 40. Rxd8+ Qxd8 41.
e5 Kg8 42. Bb3+ Kh7 43. Bc2+ Kg8 44. Qc4+ Kf8 45. Qxf4+ Ke7 46. Qe3 Qd5 47. Kf2
h5 48. Bb3 Qd7 49. Qg5+ Kf8 50. Qf4+ Ke7 51. gxh5 Be6 52. h6 Bxb3 53. h7 Qh3 54.
Qg5+ Kf7 55. Qf4+ Kg6 56. Qe4+ Kf7 57. Qf4+ Kg6 58. Qe4+ Kf7 59. Qf4+ Kg6 60.
Qe4+ Kf7 1/2-1/2

[Event "Czech Open A 2013"]
[Site "Pardubice CZE"]
[Date "2013.07.23"]
[Round "5.21"]
[White "Oleksienko,M"]
[Black "Arngrimsson,D"]
[Result "1-0"]
[WhiteElo "2568"]
[BlackElo "2384"]
[EventDate "2013.07.19"]

1. d4 f5 2. Nf3 Nf6 3. g3 g6 4. Bg2 Bg7 5. O-O O-O 6. c4 d6 7. Nc3 c6 8. Rb1 Ne4
9. Ng5 Nxg5 10. Bxg5 h6 11. Be3 Nd7 12. d5 c5 13. Bd2 Ne5 14. b3 a6 15. a4 Kh7
16. Qc2 Bd7 17. Rbe1 Rb8 18. h3 Nf7 19. f4 h5 20. e4 e5 21. dxe6 Bxe6 22. exf5
Bxf5 23. Qd1 Nh6 24. Ne4 Bxe4 25. Bxe4 Nf5 26. Qf3 b5 27. g4 hxg4 28. hxg4 Bd4+
29. Kh2 Nh4 30. Qd3 bxc4 31. bxc4 Kg7 32. Bc3 Bxc3 33. Qxc3+ Qf6 34. Qxf6+ Kxf6
35. Rd1 Rb2+ 36. Kg3 Rb3+ 37. Rd3 Rxd3+ 38. Bxd3 Rh8 39. Bc2 g5 40. fxg5+ Kxg5
41. Rd1 Ng6 42. Bxg6 Kxg6 43. Rxd6+ Kf7 44. Rxa6 Rb8 45. Rc6 Rb4 46. Rxc5 Rxa4
47. Kf4 Ra6 48. Re5 Ra1 49. g5 Rc1 50. c5 1-0

[Event "Czech Open A 2013"]
[Site "Pardubice CZE"]
[Date "2013.07.23"]
[Round "5.22"]
[White "Piorun,K"]
[Black "Westerberg,J"]
[Result "1/2-1/2"]
[WhiteElo "2566"]
[BlackElo "2410"]
[EventDate "2013.07.19"]

1. d4 Nf6 2. c4 c5 3. d5 b5 4. cxb5 a6 5. bxa6 g6 6. Nc3 Bxa6 7. Nf3 Bg7 8. g3
d6 9. Bg2 Nfd7 10. h4 h6 11. Bd2 Nb6 12. b3 N8d7 13. O-O Nf6 14. Nh2 Rb8 15. Re1
Nbd7 16. Rb1 g5 17. Nf3 Ng4 18. hxg5 hxg5 19. Ne4 Qb6 20. Qc2 Nde5 21. Bc3 Rh5
22. b4 c4 23. Bd4 Qc7 24. Nxe5 Bxe5 25. Bxe5 Nxe5 26. Rec1 Bc8 27. Nd2 Bd7 28.
Nxc4 Rc8 29. Ne3 Qa7 30. Qd2 Rxc1+ 31. Rxc1 f5 32. Nc4 Ng4 33. e3 Kf7 34. Na5
Qb8 35. Qd4 Qf8 36. f3 Nf6 37. Nc6 Qa8 38. Qd2 f4 39. exf4 gxf4 40. Qxf4 Rxd5
41. b5 Rxb5 42. Qc4+ Rd5 43. Nb4 Qa7+ 44. Kh2 Bb5 45. Qb3 Ba4 46. Qc4 Bb5 1/2-1/2

[Event "Czech Open A 2013"]
[Site "Pardubice CZE"]
[Date "2013.07.23"]
[Round "5.23"]
[White "Mirzoev,A"]
[Black "Talla,V"]
[Result "1-0"]
[WhiteElo "2536"]
[BlackElo "2394"]
[EventDate "2013.07.19"]

1. d4 d5 2. c4 e6 3. Nc3 Be7 4. cxd5 exd5 5. Bf4 c6 6. e3 Bf5 7. g4 Be6 8. h3
Nd7 9. Nf3 g5 10. Be5 f6 11. Nxg5 Nxe5 12. Nxe6 Qd7 13. Ng7+ Kf7 14. Nh5 Ng6 15.
Qc2 Bb4 16. O-O-O N8e7 17. Kb1 Raf8 18. a3 Ba5 19. Na4 Bb6 20. Bd3 Ke8 21. f4
Rf7 22. Nc5 Bxc5 23. Qxc5 b6 24. Qc2 Kd8 25. f5 Nf8 26. e4 dxe4 27. Bxe4 Nd5 28.
Rc1 Kc7 29. Qxc6+ 1-0

[Event "Czech Open A 2013"]
[Site "Pardubice CZE"]
[Date "2013.07.23"]
[Round "5.24"]
[White "Mazur,Ste"]
[Black "Jaracz,P"]
[Result "0-1"]
[WhiteElo "2409"]
[BlackElo "2531"]
[EventDate "2013.07.19"]

1. e4 c6 2. d4 d5 3. e5 Bf5 4. Nf3 e6 5. Be2 Ne7 6. O-O Bg6 7. Nbd2 Nf5 8. Nb3
Nd7 9. a4 Be7 10. a5 Qc7 11. c4 dxc4 12. Bxc4 O-O 13. g4 Nh6 14. h3 b5 15. Bd3
a6 16. Be3 c5 17. Nxc5 Bxc5 18. dxc5 Nxe5 19. Nxe5 Qxe5 20. Bxg6 fxg6 21. Qd4
Nf7 22. Rfd1 Rad8 23. Qxe5 Nxe5 24. b3 Rd5 25. Rxd5 exd5 26. Rd1 Rd8 27. Bf4 Nc6
28. Bd6 d4 29. Kf1 Kf7 30. Ke2 Ke6 31. Kd3 Kd5 32. Re1 g5 33. h4 gxh4 34. g5 Rd7
35. Rh1 Rf7 36. f4 Nxa5 37. Kc2 Nb7 38. Rxh4 g6 39. Be5 Nxc5 40. Rh1 Nd7 0-1

[Event "Czech Open A 2013"]
[Site "Pardubice CZE"]
[Date "2013.07.23"]
[Round "5.25"]
[White "Ponizil,C"]
[Black "Cvek,R"]
[Result "1-0"]
[WhiteElo "2402"]
[BlackElo "2527"]
[EventDate "2013.07.19"]

1. e4 c5 2. Nf3 e6 3. d4 cxd4 4. Nxd4 Nf6 5. Nc3 Nc6 6. Ndb5 Bc5 7. Bf4 O-O 8.
Bc7 Qe7 9. Bd6 Bxd6 10. Qxd6 Ne8 11. Qxe7 Nxe7 12. O-O-O f5 13. Bd3 fxe4 14.
Nxe4 d5 15. Ng5 h6 16. Nf3 a6 17. Nbd4 Nc6 18. c3 Nxd4 19. cxd4 Bd7 20. Rhe1
Rc8+ 21. Kb1 Nd6 22. b3 g5 23. Rd2 Kg7 24. Kb2 Nf7 25. a4 a5 26. h4 Kf6 27. h5
Nd8 28. Ne5 Be8 29. Bb5 Kg7 30. Bxe8 Rxe8 31. f4 gxf4 32. g3 Nc6 33. gxf4 Kf6
34. Ng4+ Kf5 35. Nxh6+ Kxf4 36. Nf7 Re7 37. h6 Kg3 38. Rf1 Nd8 39. Ne5 Rec7 40.
Rf3+ Kh4 41. Rh2+ Kg5 42. Rg2+ 1-0

[Event "Czech Open A 2013"]
[Site "Pardubice CZE"]
[Date "2013.07.23"]
[Round "5.26"]
[White "Rozum,I"]
[Black "Potapov,Alexa1"]
[Result "1-0"]
[WhiteElo "2527"]
[BlackElo "2389"]
[EventDate "2013.07.19"]

1. c4 Nf6 2. Nc3 e5 3. g3 Nc6 4. Bg2 g6 5. Nf3 Bg7 6. d4 exd4 7. Nxd4 O-O 8. O-O
Re8 9. Nc2 d6 10. b3 Bf5 11. Rb1 a5 12. a3 Qd7 13. Re1 Ne4 14. Nxe4 Bxe4 15. Bb2
Qf5 16. Ne3 Qc5 17. Bxe4 Rxe4 18. Nd5 Ne7 19. Qd3 Re6 20. b4 axb4 21. axb4 Qc6
22. b5 Qc5 23. Nf4 Re5 24. Bd4 1-0

[Event "Czech Open A 2013"]
[Site "Pardubice CZE"]
[Date "2013.07.23"]
[Round "5.27"]
[White "Haba,P"]
[Black "Usmanov,V"]
[Result "1-0"]
[WhiteElo "2522"]
[BlackElo "2386"]
[EventDate "2013.07.19"]

1. e4 e6 2. Nf3 d5 3. e5 c5 4. b4 b6 5. bxc5 bxc5 6. c4 d4 7. g3 Bb7 8. Bg2 Ne7
9. O-O Nd7 10. d3 Qc7 11. Re1 Ng6 12. Nbd2 Rb8 13. Qe2 Be7 14. h4 Qc6 15. Rb1 h5
16. Ne4 Qc7 17. Bg5 O-O 18. Bxe7 Nxe7 19. Nfg5 Bxe4 20. Rxb8 Rxb8 21. Bxe4 g6
22. f4 Qa5 23. Rc1 Qa3 24. Rc2 Rb1+ 25. Kh2 Qb4 26. g4 hxg4 27. Qxg4 Qe1 28. h5
Nf8 29. hxg6 Nfxg6 30. Nf3 Qh1+ 31. Kg3 Nf5+ 32. Bxf5 exf5 33. Qg5 Rf1 34. Rf2
Rxf2 35. Kxf2 Qc1 36. Kg3 Qe3 37. Qxf5 Kf8 38. Qe4 Qxe4 39. dxe4 Ne7 40. Nd2 Nc6
41. a3 a5 42. Nb3 a4 43. Nxc5 Na5 44. Nd7+ Ke7 45. Nb6 Nb3 46. Nxa4 d3 47. Kf2
Nd2 48. Nb2 1-0

[Event "Czech Open A 2013"]
[Site "Pardubice CZE"]
[Date "2013.07.23"]
[Round "5.28"]
[White "Akkozov,B"]
[Black "Neuman,P"]
[Result "1/2-1/2"]
[WhiteElo "2377"]
[BlackElo "2522"]
[EventDate "2013.07.19"]

1. d4 d5 2. c4 c6 3. Nf3 Nf6 4. Nc3 a6 5. e3 b5 6. b3 Bg4 7. Be2 Nbd7 8. O-O e6
9. Bb2 Bd6 10. h3 Bh5 11. Ne5 Bxe2 12. Nxe2 bxc4 13. bxc4 Qc7 14. Nxd7 Qxd7 1/2-1/2

[Event "Czech Open A 2013"]
[Site "Pardubice CZE"]
[Date "2013.07.23"]
[Round "5.29"]
[White "Boros,De"]
[Black "Vastrukhin,O"]
[Result "1/2-1/2"]
[WhiteElo "2504"]
[BlackElo "2360"]
[EventDate "2013.07.19"]

1. e4 e6 2. d4 d5 3. Nc3 Bb4 4. e5 c5 5. a3 Bxc3+ 6. bxc3 Nc6 7. Qg4 g6 8. h4
Qa5 9. Bd2 Qa4 10. h5 Nge7 11. Nf3 Bd7 12. Qf4 Qxc2 13. dxc5 gxh5 14. Ng5 Qf5
15. Qxf5 Nxf5 16. Bf4 Nfe7 17. Nf3 Ng6 18. Bg5 h4 19. Rb1 b6 20. Bf6 O-O 21. Bd3
Rfb8 22. cxb6 Rxb6 23. Kd2 Na5 24. Rxb6 axb6 25. Rb1 b5 26. Nxh4 Nxh4 27. Bxh4
Nc4+ 28. Bxc4 dxc4 29. Be7 h6 30. Ke3 Kh7 31. g4 Re8 32. Bf6 Ra8 33. Be7 Re8 34.
Bf6 Ra8 35. Rd1 Bc6 36. Rd6 Bd5 37. Rd7 Kg6 38. f4 Bg2 39. Be7 h5 40. f5+ exf5
41. Rd6+ Kh7 42. g5 Rh8 43. Kf2 Be4 44. Kg3 h4+ 45. Kxh4 f4 46. Bf6 Ra8 47. Kg4
f3 48. Rd2 Kg8 49. Kf4 Bd3 50. Rh2 Bh7 51. Be7 Re8 52. Bd6 Kg7 53. Kxf3 Bf5 54.
Kf4 Be6 55. Bc5 Rh8 56. Rxh8 Kxh8 57. Ke4 Kg7 58. Be7 Bg4 59. Bf6+ Kg6 60. Kd5
Bd1 61. Kc5 Ba4 62. Kd6 Bb3 63. Bd8 Ba4 64. Ke7 Bc2 65. Ke8 Ba4 1/2-1/2

[Event "Czech Open A 2013"]
[Site "Pardubice CZE"]
[Date "2013.07.23"]
[Round "5.30"]
[White "Klenburg,M"]
[Black "Harika,D"]
[Result "1/2-1/2"]
[WhiteElo "2368"]
[BlackElo "2489"]
[EventDate "2013.07.19"]

1. g3 d5 2. Bg2 Nf6 3. d3 g6 4. Nf3 Bg7 5. O-O O-O 6. c3 c5 7. Nbd2 Nc6 8. e4 e6
9. Re1 a5 10. a4 b6 11. exd5 exd5 12. Nb3 Bf5 13. Bf4 Qd7 14. d4 c4 15. Nbd2
Rae8 16. Rxe8 Rxe8 17. b3 Ne4 18. Rc1 Nxd2 19. Nxd2 Bg4 20. f3 Be6 21. Bf1 Ne7
22. bxc4 Rc8 23. c5 bxc5 24. Nb3 cxd4 25. Nxd4 Nf5 26. Nb5 h5 27. Bd3 Bf8 1/2-1/2

[Event "Czech Open A 2013"]
[Site "Pardubice CZE"]
[Date "2013.07.23"]
[Round "5.31"]
[White "Farkas,Ga1"]
[Black "Idani,P"]
[Result "0-1"]
[WhiteElo "2359"]
[BlackElo "2476"]
[EventDate "2013.07.19"]

1. d4 Nf6 2. c4 e6 3. g3 c5 4. d5 exd5 5. cxd5 d6 6. Nc3 g6 7. Bg2 Bg7 8. Nf3
O-O 9. O-O a6 10. a4 Re8 11. Nd2 Nbd7 12. h3 Rb8 13. Nc4 Ne5 14. Na3 Nh5 15. Kh2
f5 16. f4 Nf7 17. Nc4 Nf6 18. Qc2 Bd7 19. a5 Bb5 20. b3 Bxc4 21. bxc4 Nd7 22. e4
fxe4 23. Bb2 e3 24. Ne4 Nf6 25. Ra2 Nxe4 26. Bxe4 Bxb2 27. Rxb2 Qxa5 28. Qd3 b5
29. cxb5 Rxb5 30. Re2 Rb4 31. Bf3 Rd4 32. Qb1 Rd2 33. Re1 c4 34. Kh1 Rxe2 35.
Rxe2 Qc5 36. h4 Nh6 37. h5 Nf5 38. Kg2 Nd4 39. hxg6 Nxe2 40. Qf5 Nxf4+ 41. Qxf4
Qc7 42. Bh5 hxg6 43. Bxg6 e2 0-1

[Event "Czech Open A 2013"]
[Site "Pardubice CZE"]
[Date "2013.07.23"]
[Round "5.32"]
[White "Sipos,I"]
[Black "Griffiths,R"]
[Result "0-1"]
[WhiteElo "2471"]
[BlackElo "2372"]
[EventDate "2013.07.19"]

1. d4 Nf6 2. c4 e6 3. Nc3 Bb4 4. e3 O-O 5. Bd3 d5 6. cxd5 exd5 7. a3 Bd6 8. Bd2
Re8 9. Rc1 a6 10. Nge2 Nbd7 11. b4 c6 12. Qb3 Qe7 13. f3 Nb6 14. O-O Be6 15. Qb1
Rad8 16. Rce1 Qc7 17. h3 h6 18. e4 dxe4 19. fxe4 Be7 20. e5 Nfd5 21. Ne4 Nd7 22.
N4g3 Bf8 23. Nh5 a5 24. Nef4 Qb6 25. Nxe6 Rxe6 26. Kh1 Qxd4 27. Re4 Qb6 28. Qe1
Qc7 29. Qg3 Nxe5 30. Bb1 Rde8 31. Qe1 axb4 32. axb4 Nc4 33. Rxe6 Rxe6 34. Qf2
Nxd2 35. Qxd2 Qe5 36. Bf5 Ne3 37. Bxe6 Nxf1 38. Bxf7+ Kxf7 39. Qf2+ Kg8 40. Nf4
Qa1 0-1

[Event "Czech Open A 2013"]
[Site "Pardubice CZE"]
[Date "2013.07.23"]
[Round "5.33"]
[White "Repka,C"]
[Black "Toth,E"]
[Result "0-1"]
[WhiteElo "2361"]
[BlackElo "2471"]
[EventDate "2013.07.19"]

1. d4 Nf6 2. c4 g6 3. Nc3 Bg7 4. e4 d6 5. Nge2 O-O 6. Ng3 e5 7. d5 a5 8. Be2 Na6
9. h4 h5 10. Bg5 Qe8 11. Qd2 Nh7 12. Be3 Bd7 13. O-O-O a4 14. Rdg1 a3 15. b3 Nc5
16. Bxc5 dxc5 17. d6 cxd6 18. Qxd6 Bh6+ 19. Kc2 Ra6 20. Qxc5 Nf6 21. Rd1 Qb8 22.
Nd5 Nxd5 23. exd5 b5 24. Qe7 bxc4 25. Bxc4 Bb5 26. Bxb5 Qxb5 27. Kb1 Rc8 28.
Rhe1 Rc3 29. Ka1 Bf8 30. Qg5 e4 31. Nf5 Qb4 32. Rc1 Bg7 33. Nxg7 Qd4 34. Kb1
Rxb3+ 35. axb3 Qb2# 0-1

[Event "Czech Open A 2013"]
[Site "Pardubice CZE"]
[Date "2013.07.23"]
[Round "5.35"]
[White "Savitskiy,S"]
[Black "Akesson,R"]
[Result "1/2-1/2"]
[WhiteElo "2351"]
[BlackElo "2469"]
[EventDate "2013.07.19"]

1. e4 c6 2. d4 d5 3. Nc3 dxe4 4. Nxe4 Bf5 5. Ng3 Bg6 6. Bc4 e6 7. N1e2 Bd6 8. h4
h6 9. Nf4 Bxf4 10. Bxf4 Nf6 11. h5 Bh7 12. Qe2 Qe7 13. O-O-O Nbd7 14. Bd3 Nd5
15. Bd2 Bxd3 16. Qxd3 N5f6 17. Rhe1 O-O-O 18. Qb3 Qd6 19. Kb1 Qd5 20. Qa3 Kb8
21. f3 Ka8 22. b3 Nb8 23. Bf4 Qd7 24. c4 b6 25. Be5 Rhg8 26. Rd2 Ne8 27. Ne4 f6
28. Bh2 Qf7 29. g4 f5 30. Nc3 fxg4 31. fxg4 g6 32. d5 cxd5 33. cxd5 gxh5 34. Rc2
hxg4 35. Nb5 g3 36. Bg1 Rxd5 37. Qa4 a6 38. Nc3 Rd6 39. Ne4 Rd5 40. Rc8 Kb7 41.
Rec1 Qd7 42. Qb4 Qb5 43. Qe7+ Qd7 44. Qb4 Qb5 45. Qe7+ 1/2-1/2

[Event "Czech Open A 2013"]
[Site "Pardubice CZE"]
[Date "2013.07.23"]
[Round "5.36"]
[White "Breder,D"]
[Black "Zubritskiy,A"]
[Result "1/2-1/2"]
[WhiteElo "2465"]
[BlackElo "2320"]
[EventDate "2013.07.19"]

1. e4 c5 2. Nf3 e6 3. g3 Nc6 4. Bg2 Nge7 5. O-O d5 6. exd5 Nxd5 7. d4 Be7 8.
dxc5 Bxc5 9. c4 Nb6 10. Qxd8+ Kxd8 11. b3 f6 12. Nc3 Bd7 13. Rd1 Re8 14. Ne4 Be7
15. Nd6 Bxd6 16. Rxd6 Kc7 17. Ba3 Rad8 18. Rad1 e5 19. Bc5 Bg4 20. Rxd8 Rxd8 21.
Rxd8 Nxd8 22. Kf1 Nd7 23. Be3 Nc6 24. a3 b6 25. Nd2 a5 26. Be4 h6 27. f3 Be6 28.
Ke2 Nc5 29. Bxc6 Kxc6 1/2-1/2

[Event "Czech Open A 2013"]
[Site "Pardubice CZE"]
[Date "2013.07.23"]
[Round "5.37"]
[White "Malinovsky,K"]
[Black "Bystrov,SM"]
[Result "1/2-1/2"]
[WhiteElo "2462"]
[BlackElo "2273"]
[EventDate "2013.07.19"]

1. e4 c5 2. Nf3 Nf6 3. Nc3 d5 4. exd5 Nxd5 5. d4 Nxc3 6. bxc3 e6 7. Bd3 Nc6 8.
O-O Be7 9. Re1 O-O 10. Be3 cxd4 11. cxd4 b6 12. Be4 Bb7 13. c4 Rc8 14. Rc1 Bf6
15. Qa4 Qe8 16. d5 exd5 17. cxd5 Na5 18. Qb4 Qd7 19. Bd4 Bxd4 20. Qxd4 f5 21.
Rxc8 Bxc8 22. Bd3 Qd6 23. h4 Rd8 24. Ng5 h6 25. Nh3 Qc5 26. Qxc5 bxc5 27. Re7
Rxd5 28. Nf4 Rd4 29. Re8+ Kf7 30. Rxc8 Rxf4 31. Rxc5 Ra4 32. Bxf5 Rxa2 33. g4
Nb3 34. Rc7+ Kf6 35. Kg2 Nd4 36. Bd3 g5 37. h5 Ra3 38. Bc4 Ke5 39. Rd7 a5 40.
Rh7 Rc3 41. Ba2 Rc2 42. Bg8 Kf4 43. Rxh6 Kxg4 44. Rd6 Ne2 45. Be6+ Kxh5 46. Kf3
Ng1+ 47. Kg2 Ne2 48. Kf3 1/2-1/2

[Event "Czech Open A 2013"]
[Site "Pardubice CZE"]
[Date "2013.07.23"]
[Round "5.38"]
[White "Tomazini,Z"]
[Black "Sochacki,C"]
[Result "0-1"]
[WhiteElo "2344"]
[BlackElo "2459"]
[EventDate "2013.07.19"]

1. e4 c5 2. c3 Nf6 3. e5 Nd5 4. d4 cxd4 5. cxd4 d6 6. Nf3 Nc6 7. Bc4 Nb6 8. Bb3
d5 9. Nh4 e6 10. Nf3 Bd7 11. Nc3 Be7 12. O-O Rc8 13. Re1 a6 14. Qd2 Qc7 15. h4
h6 16. h5 Na5 17. Qf4 Nbc4 18. Qg4 Kf8 19. Ne2 Nxb3 20. axb3 Na5 21. Nh4 Kg8 22.
Nf4 Nxb3 23. Nhg6 fxg6 24. Nxg6 Bb4 25. Ra3 Nxc1 26. Rf3 Qd8 27. Qf4 Bxe1 28.
Qf7+ Kh7 29. Ne7 Rf8 30. Qg6+ Kh8 31. Rf7 Rxf7 32. Qxf7 Bb4 0-1

[Event "Czech Open A 2013"]
[Site "Pardubice CZE"]
[Date "2013.07.23"]
[Round "5.39"]
[White "Matsenko,S"]
[Black "Trjapishko,A"]
[Result "1/2-1/2"]
[WhiteElo "2458"]
[BlackElo "2221"]
[EventDate "2013.07.19"]

1. e4 c5 2. Nf3 e6 3. d4 cxd4 4. Nxd4 Nc6 5. Nc3 d6 6. Be2 Nf6 7. O-O Be7 8. Be3
O-O 9. f4 e5 10. Nb3 exf4 11. Bxf4 Be6 12. Kh1 d5 13. exd5 Nxd5 14. Nxd5 Bxd5
15. c3 Re8 16. Qc2 Bd6 17. Bxd6 Qxd6 18. Rad1 Qg6 19. Bd3 Be4 20. Bxe4 Rxe4 21.
Nc5 Re7 22. Qxg6 hxg6 23. Rd6 Ne5 24. Re1 Rae8 25. h3 b6 26. Na6 f6 27. b3 g5
28. Nb4 Kf7 29. Rd4 Rh8 30. Nd3 1/2-1/2

[Event "Czech Open A 2013"]
[Site "Pardubice CZE"]
[Date "2013.07.23"]
[Round "5.40"]
[White "Stromboli,C"]
[Black "Gavrilov,Al1"]
[Result "1/2-1/2"]
[WhiteElo "2326"]
[BlackElo "2452"]
[EventDate "2013.07.19"]

1. e4 c6 2. d4 d5 3. Nc3 dxe4 4. Nxe4 Bf5 5. Ng3 Bg6 6. h4 h6 7. h5 Bh7 8. Nf3
e6 9. Bd3 Bxd3 10. Qxd3 Nf6 11. Bd2 Nbd7 12. O-O-O Be7 13. Ne4 Nxe4 14. Qxe4 Nf6
15. Qe2 Qd5 16. c4 Qe4 17. Qxe4 Nxe4 18. Be3 O-O 19. Ne5 Rfd8 20. g4 Bf6 21. f4
Rac8 22. Nf3 Be7 23. Nd2 Nf6 24. Rdg1 c5 25. dxc5 Bxc5 26. Bxc5 Rxc5 27. g5 hxg5
28. fxg5 Nd5 29. g6 Nf4 30. gxf7+ Kf8 31. Kc2 Rxh5 32. Rxh5 Nxh5 33. Rh1 g6 34.
Rf1 Rd4 35. Kc3 Rg4 36. Nb3 Rf4 37. Re1 Kxf7 38. Nd4 Ng7 39. Nb5 Nf5 40. Nxa7 g5
41. Nb5 g4 42. c5 Rf3+ 43. Kd2 g3 44. Nd6+ Ke7 45. Nxf5+ Rxf5 46. Rg1 Rf2+ 47.
Ke3 Rxb2 48. Rxg3 Kd7 49. Kd4 Rxa2 50. Rb3 Kc7 51. Rb6 Ra6 52. Rb2 Kc6 53. Rb4
Kc7 54. Rb2 Ra4+ 55. Ke5 Ra5 56. Kd4 Ra1 57. Rb6 Re1 58. Kd3 Re5 59. Kd4 Re2 60.
Kd3 Re1 61. Kd2 Re5 62. Kd3 Rxc5 63. Rxe6 Kb8 64. Re4 Ka7 65. Kd4 Kb6 66. Re1
Rc2 67. Rb1+ Kc6 68. Rb3 Rc1 69. Rb2 b5 70. Kd3 Kc5 71. Kd2 Rc4 72. Kd3 Rc1 73.
Kd2 Rh1 74. Rb3 Kc4 75. Rg3 Kb4 76. Kc2 Ka4 77. Kb2 b4 78. Rf3 Rh2+ 79. Kb1 Rd2
80. Rg3 b3 81. Rg8 1/2-1/2

[Event "Czech Open A 2013"]
[Site "Pardubice CZE"]
[Date "2013.07.23"]
[Round "5.41"]
[White "Vlasak,Lu"]
[Black "Malakhov,I"]
[Result "1/2-1/2"]
[WhiteElo "2296"]
[BlackElo "2442"]
[EventDate "2013.07.19"]

1. e4 c5 2. Nf3 e6 3. d4 cxd4 4. Nxd4 a6 5. Bd3 Nc6 6. Nxc6 dxc6 7. O-O e5 8.
Nd2 Qc7 9. a4 Nf6 10. c3 Bc5 11. Nc4 Be6 12. Be3 Bxe3 13. Nxe3 O-O 14. Qc2 Rfd8
15. Rfd1 Ng4 16. Nxg4 Bxg4 17. Be2 Be6 18. h3 a5 19. Bg4 Bxg4 20. hxg4 h6 21.
Qb3 Rd7 22. Kf1 Rad8 23. Ke2 Rxd1 24. Rxd1 Rxd1 25. Qxd1 Qb6 26. b3 g6 27. Qc2
Qc5 28. Qd2 Kg7 29. c4 b6 30. g5 hxg5 31. Qxg5 Qd4 32. Qe3 Kf6 33. f3 Ke6 34.
Qc1 Qc5 35. Qd1 Qa3 36. Qb1 Kf6 37. Qd1 Ke7 38. Qc2 Kd6 39. Qd3+ Kc7 40. Qc3
Qa2+ 41. Kf1 f6 42. c5 Qb1+ 43. Kf2 Qd1 44. Qc4 Qd4+ 45. Ke2 bxc5 46. Qf7+ Kb6
47. Qc4 Qb2+ 48. Kf1 Qd2 49. g4 Qd7 50. Ke2 Qd4 51. Kf1 Qd2 52. Kg1 Qd7 53. Kf2
f5 54. gxf5 gxf5 55. exf5 Qxf5 56. Qg8 Kc7 57. Qg7+ Kd8 58. Qg8+ Ke7 59. Qg7+
Ke6 60. Qg8+ Qf7 61. Qc8+ Qd7 62. Qg8+ Ke7 63. Qg5+ Kd6 64. Qd2+ Ke6 65. Qh6+
Ke7 66. Qg5+ 1/2-1/2

[Event "Czech Open A 2013"]
[Site "Pardubice CZE"]
[Date "2013.07.23"]
[Round "5.42"]
[White "Pagerka,M"]
[Black "Sergeev,Vl"]
[Result "1-0"]
[WhiteElo "2213"]
[BlackElo "2436"]
[EventDate "2013.07.19"]

1. e4 c6 2. d4 g6 3. Nc3 d6 4. a4 Bg7 5. Nf3 Bg4 6. Be2 Nf6 7. O-O O-O 8. h3
Bxf3 9. Bxf3 d5 10. e5 Nfd7 11. Bf4 e6 12. Qd2 Re8 13. Rfe1 a6 14. Bg5 Qc7 15.
Ne2 c5 16. c3 Nc6 17. h4 cxd4 18. cxd4 Qa5 19. Qf4 Nb4 20. Red1 Rac8 21. h5 Rc4
22. hxg6 fxg6 23. b3 Rc2 24. Qg4 Qc7 25. Rac1 Rc6 26. Qh3 Nf8 27. Bg4 Na2 28.
Rxc6 Qxc6 29. Bd2 h5 30. Qd3 Rc8 31. Bf3 Qc2 32. Be3 Kh7 33. g4 hxg4 34. Bxg4
Qxd3 35. Rxd3 Bh6 36. Nf4 Rc6 37. Bd2 Kg7 38. Rh3 Bg5 39. Rg3 Bh4 40. Rh3 Bg5
41. Bd1 Nh7 42. Kg2 a5 43. Kg3 Nb4 44. Kg4 Bd8 45. Ne2 Bb6 46. Bh6+ Kg8 47. Be3
Nc2 48. Bxc2 Rxc2 49. Nf4 Nf8 50. Kg5 Kg7 51. Rg3 Rb2 52. Nxg6 Nxg6 53. Kh5 Kf7
54. Rf3+ Ke8 55. Kxg6 Rxb3 56. Rf6 Kd7 57. Kf7 Rb4 58. Rxe6 Bxd4 59. Rd6+ Kc7
60. Rxd5 Bxe3 61. fxe3 Re4 62. e6 Rxe3 63. e7 Kc6 64. Rxa5 Kd6 65. e8=Q 1-0

[Event "Czech Open A 2013"]
[Site "Pardubice CZE"]
[Date "2013.07.23"]
[Round "5.43"]
[White "Kireev,Al"]
[Black "Vassallo Barroche,M"]
[Result "1/2-1/2"]
[WhiteElo "2310"]
[BlackElo "2434"]
[EventDate "2013.07.19"]

1. g3 d5 2. d3 e5 3. e4 Nf6 4. Bg2 Nc6 5. Nd2 Bc5 6. Ngf3 O-O 7. O-O Re8 8. c3
a5 9. a4 h6 10. Qc2 Be6 11. exd5 Bxd5 12. Ne4 Nxe4 13. dxe4 Bc4 14. Re1 Qf6 15.
Be3 Bxe3 16. Rxe3 Red8 17. Bf1 Be6 18. Ne1 Rd6 19. Rd1 Rad8 20. Red3 Qe7 21. Ng2
Bg4 22. Be2 Rxd3 23. Rxd3 Rxd3 24. Qxd3 Bxe2 1/2-1/2

[Event "Czech Open A 2013"]
[Site "Pardubice CZE"]
[Date "2013.07.23"]
[Round "5.44"]
[White "Kuipers,S"]
[Black "Krensing,J"]
[Result "1-0"]
[WhiteElo "2432"]
[BlackElo "2325"]
[EventDate "2013.07.19"]

1. e4 c5 2. Nf3 Nc6 3. Bb5 d6 4. O-O Bd7 5. Re1 Nf6 6. h3 Ne5 7. Bxd7+ Nfxd7 8.
Nxe5 dxe5 9. d3 g6 10. Be3 Bg7 11. Nd2 O-O 12. a4 b6 13. Nc4 Qc7 14. Qd2 Rab8
15. b4 Rfc8 16. Reb1 cxb4 17. Rxb4 Nc5 18. Bxc5 bxc5 19. Rbb1 e6 20. a5 Bf8 21.
a6 f6 22. Qa5 Qxa5 23. Nxa5 Rxb1+ 24. Rxb1 c4 25. Nxc4 Rc6 26. Rb6 axb6 27. a7
Rc8 28. Nxb6 Rd8 29. a8=Q Rxa8 30. Nxa8 Kf7 31. Kf1 Ke7 32. Nb6 Kd6 33. c3 Kc6
34. Nc4 Kc5 35. Ke2 h5 36. Nd2 Bh6 37. Nf3 Bf8 38. Kd2 Bd6 39. Kc2 Kc6 40. Kb3
g5 41. g4 hxg4 42. hxg4 Bc7 43. Kc4 Bb6 44. d4 exd4 45. cxd4 Bd8 46. Nd2 Bb6 47.
Nb1 Kd7 48. f3 Ba7 49. Nc3 Bb6 50. Nb5 Kc6 51. d5+ Kd7 52. Kd3 e5 53. Kc4 Bf2
54. Na3 Kd6 55. Kb5 Bg1 56. Nc4+ Kd7 57. Ka6 Kc7 58. Na3 Bc5 59. Nb5+ Kb8 60.
Nc3 Kc7 61. Kb5 Be3 62. Na4 Kd6 63. Ka6 Kc7 64. Nb2 Bf2 65. Nd3 Be3 66. Nb4 Bd4
67. Nc6 Bc5 68. Kb5 Ba3 69. Nb4 Kd7 70. Na6 Kd6 71. Kb6 Bc1 72. Nc7 Be3+ 73. Kb7
Kd7 74. Na6 Bd2 75. Nc5+ Kd6 76. Nb3 Be3 77. Kc8 Bb6 78. Nd2 Kc5 79. d6 Kd4 80.
d7 Kd3 81. d8=Q+ Bxd8 82. Kxd8 Kxd2 83. Ke7 Ke3 84. Kxf6 Kf4 85. Ke6 1-0

[Event "Czech Open A 2013"]
[Site "Pardubice CZE"]
[Date "2013.07.23"]
[Round "5.48"]
[White "Cherepanov,V"]
[Black "Stocek,J"]
[Result "0-1"]
[WhiteElo "2284"]
[BlackElo "2576"]
[EventDate "2013.07.19"]

1. d4 Nf6 2. c4 e6 3. Nc3 Bb4 4. Qc2 d6 5. Bg5 h6 6. Bh4 O-O 7. e3 Re8 8. Ne2 c6
9. O-O-O Nbd7 10. Kb1 a6 11. a3 Ba5 12. Ne4 Bc7 13. N2c3 Qe7 14. Bd3 d5 15. cxd5
cxd5 16. Nd2 Ba5 17. b4 Bd8 18. Qb3 Qf8 19. a4 a5 20. b5 e5 21. Bg3 Bb6 22. Ne2
Ba7 23. Ka2 Nh5 24. Qa3 Nxg3 25. Qxf8+ Kxf8 26. hxg3 Nf6 27. Nb3 Bg4 28. f3 e4
29. fxg4 exd3 30. Rxd3 Nxg4 31. Re1 Rxe3 32. Rxe3 Nxe3 33. Nxa5 Nxg2 34. Rd1 Bb6
35. Nxb7 Rxa4+ 36. Kb3 Ra7 37. Nc5 Ne3 38. Rd3 Nc4 39. Nc3 Ra3+ 40. Kc2 Ra5 41.
N5a4 Bd8 42. Kb3 Nd6 43. Kb4 h5 44. Re3 Ra8 45. Nxd5 Nxb5 46. Kxb5 Ra5+ 47. Kc6
Rxa4 48. Rd3 g6 49. Kd7 Bg5 50. Nc7 Bf6 51. d5 Be5 52. d6 Rg4 53. Nd5 Rxg3 54.
Rd1 h4 55. Kc6 Bxd6 56. Kxd6 Kg7 57. Ke5 Rg4 58. Rf1 h3 59. Ne3 f6+ 60. Kd5 Rh4
61. Rg1 Kf7 62. Nf1 g5 63. Nd2 Kg6 64. Nf3 Rf4 65. Nd4 g4 66. Ne2 Rb4 67. Rf1
Kg5 68. Ng3 Rb5+ 69. Kd4 f5 70. Ne2 Rb3 71. Rc1 h2 0-1